D1 Basketball Colleges in Indiana - Statistics

General Stats
  • This quiz has been taken 67 times
  • The average score is 7 of 10
Answer Stats
Conference Answer % Correct
Big Ten Indiana
100%
Big Ten Purdue
100%
Missouri Valley Indiana State
98%
ACC Notre Dame
90%
MAC Ball State
81%
Big East Butler
69%
Ohio Valley Southern Indiana
62%
Horizon Purdue Fort Wayne
52%
Missouri Valley Valparaiso
48%
Horizon IU Indy
22%
No matching quizzes found
Score Distribution
Percent of People with Each Score
Percentile by Number Answered
Your Score History
You have not taken this quiz